| 000 | 00514nam a2200193 i 4500 | ||
|---|---|---|---|
| 001 | 135478 | ||
| 003 | ES-MaACL | ||
| 005 | 20230906194906.0 | ||
| 007 | t| | ||
| 008 | 070718s1966 sp ||||1| spa d | ||
| 080 | _a86-311.2"19" | ||
| 100 | 1 |
_aTorbado, Jesús. _9110622 |
|
| 245 | 1 | 4 |
_aLas corrupciones / _cJesús Torbado. |
| 250 | _a[1ª ed.]. | ||
| 260 |
_aMadrid, etc. : _bAlfaguara, _c[1966] |
||
| 300 |
_a434 p. ; _c21 cm. |
||
| 500 | _aPremio Alfaguara 1965. | ||
| 852 |
_aES-MaACL _jC-30329 _bR.59822 |
||
| 999 |
_c135478 _d135478 |
||